000 00452nam a2200145Ia 4500
041 _aArabic
082 _a725.21 cut-895 خ
100 _a20260118u\\\\\\\\\\\y0engy0103\\\\ba
100 _aمحمد ماجد خلوصي
245 0 _aالابنية السكنية - التجارية - الادارية - 2 -
250 _aط1
260 _bدار قابس للطباعة والنشر
_aبيروت - لبنان
_c1998
300 _a279
942 _cBk
999 _c189848
_d189848